[Event "European Online Club-ch-C 2021"]
[Site "Online"]
[Date "2021.03.27"]
[Round "7.10"]
[White "Heimann, Andreas"]
[Black "Subelj, Jan"]
[Result "1/2-1/2"]
[WhiteElo "2606"]
[BlackElo "2418"]
[Annotator "ChessBase"]
[PlyCount "146"]
[EventDate "2021.03.27"]
[EventType "team-tourn"]
[EventCountry "NET"]
[SourceTitle "playchess.com"]
[Source "ChessBase"]
[SourceQuality "1"]
[TimeControl "900+5"]

1. d4 {[%emt 0:00:00]} Nf6 {[%emt 0:00:05]} 2. c4 {[%emt 0:00:03]} e6 {[%emt 0:00:02]} 3. Nf3 {[%emt 0:00:03]} Bb4+ {[%emt 0:00:05]} 4. Nbd2 {[%emt 0:00:04]} b6 {[%emt 0:00:08]} 5. a3 {[%emt 0:00:03]} Bxd2+ {[%emt 0:00:03]} 6. Qxd2 {[%emt 0:00:00]} a5 {[%emt 0:00:30]} 7. b3 {[%emt 0:00:04]} Bb7 {[%emt 0:00:02]} 8. e3 {[%emt 0:00:01]} d6 {[%emt 0:00:09]} 9. Be2 {[%emt 0:00:04]} Nbd7 {[%emt 0:00:04]} 10. O-O {[%emt 0:00:08]} O-O {[%emt 0:00:12]} 11. Bb2 {[%emt 0:00:02]} Ne4 {[%emt 0:00:06]} 12. Qc2 {[%emt 0:00:02]} f5 {[%emt 0:00:06]} 13. d5 {[%emt 0:00:02]} e5 {[%emt 0:00:06]} 14. Nd2 {[%emt 0:00:06]} Nxd2 {[%emt 0:00:53]} 15. Qxd2 {[%emt 0:00:01]} Qh4 {[%emt 0:00:31]} 16. f4 {[%emt 0:00:34]} Rae8 {[%emt 0:00:06]} 17. Bd3 {[%emt 0:00:07]} Bc8 {[%emt 0:01:16]} 18. b4 {[%emt 0:00:42]} Rf6 {[%emt 0:03:25]} 19. Rf3 {[%emt 0:00:16]} Rf7 {[%emt 0:01:15]} 20. Raf1 {[%emt 0:00:37]} axb4 {[%emt 0:01:57]} 21. axb4 {[%emt 0:00:04]} Qe7 {[%emt 0:00:03]} 22. Bc2 {[%emt 0:01:44]} exf4 {[%emt 0:00:59]} 23. exf4 {[%emt 0:00:05]} Nf6 {[%emt 0:00:04]} 24. Qd4 {[%emt 0:00:42]} Bd7 {[%emt 0:01:03]} 25. Bc3 {[%emt 0:00:21]} Qf8 {[%emt 0:02:07]} 26. Re1 {[%emt 0:01:34]} Rfe7 {[%emt 0:00:03]} 27. Rfe3 {[%emt 0:01:40]} Rxe3 {[%emt 0:00:04]} 28. Rxe3 {[%emt 0:00:00]} Rxe3 {[%emt 0:00:02]} 29. Qxe3 {[%emt 0:00:00]} Qe8 {[%emt 0:00:31]} 30. Qxe8+ {[%emt 0:00:14]} Nxe8 {[%emt 0:00:03]} 31. Kf2 {[%emt 0:00:02]} Kf7 {[%emt 0:00:07]} 32. Ke3 {[%emt 0:00:07]} Nf6 {[%emt 0:00:08]} 33. Kd4 {[%emt 0:00:02]} Ne4 {[%emt 0:00:25]} 34. Be1 {[%emt 0:00:08]} g6 {[%emt 0:00:24]} 35. g4 {[%emt 0:00:36]} Nf6 {[%emt 0:00:21]} 36. g5 {[%emt 0:00:03]} Ne4 {[%emt 0:00:06]} 37. h4 {[%emt 0:00:03]} Ke8 {[%emt 0:00:04]} 38. Bd1 {[%emt 0:00:03]} Kf7 {[%emt 0:00:03]} 39. h5 {[%emt 0:00:02]} Kg8 {[%emt 0:00:03]} 40. h6 {[%emt 0:00:05]} Kf7 {[%emt 0:00:01]} 41. Bb3 {[%emt 0:00:43]} Ke7 {[%emt 0:00:07]} 42. Bc3 {[%emt 0:00:20]} Nxc3 {[%emt 0:00:14]} 43. Kxc3 {[%emt 0:00:00]} Kf7 {[%emt 0:00:02]} 44. Kb2 {[%emt 0:00:31]} Ke7 {[%emt 0:00:03]} 45. Ka3 {[%emt 0:00:01]} Bc8 {[%emt 0:00:20]} 46. Ba4 {[%emt 0:00:10]} Ba6 {[%emt 0:00:02]} 47. Kb3 {[%emt 0:00:02]} Kd8 {[%emt 0:00:07]} 48. Bc6 {[%emt 0:00:05]} Ke7 {[%emt 0:00:01]} 49. Kc3 {[%emt 0:00:04]} Kd8 {[%emt 0:00:06]} 50. Kd4 {[%emt 0:00:21]} Ke7 {[%emt 0:00:02]} 51. Ba4 {[%emt 0:00:01]} Kd8 {[%emt 0:00:08]} 52. Bc2 {[%emt 0:00:32]} Bc8 {[%emt 0:00:02]} 53. c5 {[%emt 0:00:04]} Ke7 {[%emt 0:00:03]} 54. Bd3 {[%emt 0:00:21]} Kf7 {[%emt 0:00:08]} 55. Be2 {[%emt 0:01:09]} Ke7 {[%emt 0:00:05]} 56. Bb5 {[%emt 0:00:21]} Kf7 {[%emt 0:00:05]} 57. Bc6 {[%emt 0:00:09]} Ke7 {[%emt 0:00:02]} 58. Bb5 {[%emt 0:01:39]} Kf7 {[%emt 0:00:04]} 59. Be2 {[%emt 0:00:20]} Bd7 {[%emt 0:00:14]} 60. Ba6 {[%emt 0:00:25]} Ba4 {[%emt 0:00:15]} 61. cxb6 {[%emt 0:00:12]} cxb6 {[%emt 0:00:02]} 62. Kc4 {[%emt 0:00:01]} Ke7 {[%emt 0:00:05]} 63. Bc8 {[%emt 0:00:13]} b5+ {[%emt 0:00:04]} 64. Kc3 {[%emt 0:00:01]} Kf7 {[%emt 0:00:01]} 65. Bd7 {[%emt 0:00:25]} Kf8 {[%emt 0:00:03]} 66. Be6 {[%emt 0:00:07]} Bd1 {[%emt 0:00:03]} 67. Bd7 {[%emt 0:00:20]} Be2 {[%emt 0:00:02]} 68. Kd2 {[%emt 0:00:03]} Bc4 {[%emt 0:00:02]} 69. Ke3 {[%emt 0:00:05]} Kf7 {[%emt 0:00:04]} 70. Kd4 {[%emt 0:00:06]} Kf8 {[%emt 0:00:03]} 71. Be6 {[%emt 0:00:02]} Bf1 {[%emt 0:00:02]} 72. Kc3 {[%emt 0:00:01]} Be2 {[%emt 0:00:02]} 73. Kd2 {[%emt 0:00:02]} Bf1 {[%emt 0:00:01]} 1/2-1/2

[Event "European Online Club-ch-C 2021"]
[Site "Online"]
[Date "2021.03.27"]
[Round "7.11"]
[White "Skuhala, Jernej"]
[Black "Keymer, Vincent"]
[Result "0-1"]
[WhiteElo "2351"]
[BlackElo "2591"]
[Annotator "ChessBase"]
[PlyCount "95"]
[EventDate "2021.03.27"]
[EventType "team-tourn"]
[EventCountry "NET"]
[SourceTitle "playchess.com"]
[Source "ChessBase"]
[SourceQuality "1"]
[TimeControl "900+5"]

1. e4 {[%emt 0:00:00]} c5 {[%emt 0:00:02]} 2. Nf3 {[%emt 0:00:04]} d6 {[%emt 0:00:01]} 3. d4 {[%emt 0:00:01]} cxd4 {[%emt 0:00:00]} 4. Nxd4 {[%emt 0:00:02]} Nf6 {[%emt 0:00:02]} 5. Nc3 {[%emt 0:00:01]} a6 {[%emt 0:00:01]} 6. Be3 {[%emt 0:00:01]} e5 {[%emt 0:00:02]} 7. Nb3 {[%emt 0:00:02]} Be7 {[%emt 0:00:01]} 8. Be2 {[%emt 0:00:24]} Be6 {[%emt 0:00:10]} 9. Bf3 {[%emt 0:00:09]} O-O {[%emt 0:00:41]} 10. O-O {[%emt 0:00:02]} Qc7 {[%emt 0:00:21]} 11. a4 {[%emt 0:00:15]} Rc8 {[%emt 0:00:17]} 12. Qd2 {[%emt 0:00:24]} Nbd7 {[%emt 0:00:29]} 13. a5 {[%emt 0:00:04]} b5 {[%emt 0:00:24]} 14. axb6 {[%emt 0:01:21]} Nxb6 {[%emt 0:00:03]} 15. Na5 {[%emt 0:00:02]} Rab8 {[%emt 0:02:15]} 16. Be2 {[%emt 0:01:08]} Nc4 {[%emt 0:00:50]} 17. Nxc4 {[%emt 0:01:18]} Bxc4 {[%emt 0:00:04]} 18. Bxc4 {[%emt 0:00:01]} Qxc4 {[%emt 0:00:17]} 19. Ra4 {[%emt 0:00:03]} Qc6 {[%emt 0:00:42]} 20. Qd3 {[%emt 0:01:29]} Rxb2 {[%emt 0:00:42]} 21. Bd2 {[%emt 0:00:07]} h6 {[%emt 0:01:08]} 22. Rxa6 {[%emt 0:00:33]} Qc4 {[%emt 0:00:06]} 23. Ra8 {[%emt 0:00:38]} Kh7 {[%emt 0:01:11]} 24. Rxc8 {[%emt 0:00:38]} Qxc8 {[%emt 0:00:00]} 25. h3 {[%emt 0:00:28]} Rb4 {[%emt 0:01:09]} 26. Be3 {[%emt 0:03:49]} Qc4 {[%emt 0:01:55]} 27. f3 {[%emt 0:02:33]} Qxd3 {[%emt 0:00:12]} 28. cxd3 {[%emt 0:00:01]} Rb3 {[%emt 0:00:00]} 29. Rc1 {[%emt 0:00:05]} Bd8 {[%emt 0:00:29]} 30. Ne2 {[%emt 0:01:36]} Rxd3 {[%emt 0:00:12]} 31. Bf2 {[%emt 0:00:01]} g6 {[%emt 0:00:52]} 32. Nc3 {[%emt 0:00:10]} Ba5 {[%emt 0:00:14]} 33. Ne2 {[%emt 0:00:01]} Kg7 {[%emt 0:00:17]} 34. Ra1 {[%emt 0:00:05]} Bb4 {[%emt 0:00:19]} 35. Rc1 {[%emt 0:00:05]} d5 {[%emt 0:00:19]} 36. exd5 {[%emt 0:00:06]} Nxd5 {[%emt 0:00:00]} 37. Rc4 {[%emt 0:00:08]} Rd1+ {[%emt 0:00:06]} 38. Kh2 {[%emt 0:00:02]} Rd2 {[%emt 0:00:07]} 39. Be1 {[%emt 0:00:03]} Rxe2 {[%emt 0:00:03]} 40. Bxb4 {[%emt 0:00:01]} Rxg2+ {[%emt 0:00:08]} 41. Kxg2 {[%emt 0:00:04]} Ne3+ {[%emt 0:00:02]} 42. Kf2 {[%emt 0:00:02]} Nxc4 {[%emt 0:00:00]} 43. Bc3 {[%emt 0:00:00]} g5 {[%emt 0:00:11]} 44. Ke2 {[%emt 0:00:02]} Kf6 {[%emt 0:00:02]} 45. Kd3 {[%emt 0:00:01]} Nd6 {[%emt 0:00:02]} 46. Bb4 {[%emt 0:00:01]} Ke6 {[%emt 0:00:10]} 47. Ba3 {[%emt 0:00:12]} f6 {[%emt 0:00:05]} 48. Ke3 {[%emt 0:00:01]} 0-1

[Event "European Online Club-ch-C 2021"]
[Site "Online"]
[Date "2021.03.27"]
[Round "7.12"]
[White "Kollars, Dmitrij"]
[Black "Marn, Jan"]
[Result "1-0"]
[WhiteElo "2598"]
[BlackElo "2346"]
[Annotator "ChessBase"]
[PlyCount "91"]
[EventDate "2021.03.27"]
[EventType "team-tourn"]
[EventCountry "NET"]
[SourceTitle "playchess.com"]
[Source "ChessBase"]
[SourceQuality "1"]
[TimeControl "900+5"]

1. e4 {[%emt 0:00:00]} e5 {[%emt 0:00:02]} 2. Nf3 {[%emt 0:00:02]} Nc6 {[%emt 0:00:02]} 3. Bb5 {[%emt 0:00:04]} a6 {[%emt 0:00:02]} 4. Ba4 {[%emt 0:00:02]} Nf6 {[%emt 0:00:08]} 5. O-O {[%emt 0:00:03]} Be7 {[%emt 0:00:01]} 6. Re1 {[%emt 0:00:01]} b5 {[%emt 0:00:03]} 7. Bb3 {[%emt 0:00:01]} d6 {[%emt 0:00:01]} 8. c3 {[%emt 0:00:02]} O-O {[%emt 0:00:01]} 9. h3 {[%emt 0:00:02]} Na5 {[%emt 0:00:02]} 10. Bc2 {[%emt 0:00:01]} c5 {[%emt 0:00:01]} 11. d4 {[%emt 0:00:01]} Qc7 {[%emt 0:00:02]} 12. d5 {[%emt 0:00:02]} c4 {[%emt 0:00:46]} 13. b4 {[%emt 0:00:16]} cxb3 {[%emt 0:00:21]} 14. axb3 {[%emt 0:00:00]} Nb7 {[%emt 0:00:02]} 15. b4 {[%emt 0:01:37]} Bd7 {[%emt 0:00:26]} 16. Bd3 {[%emt 0:00:24]} a5 {[%emt 0:01:11]} 17. Bd2 {[%emt 0:00:18]} axb4 {[%emt 0:00:20]} 18. Rxa8 {[%emt 0:00:00]} Rxa8 {[%emt 0:00:02]} 19. cxb4 {[%emt 0:00:02]} Bd8 {[%emt 0:00:10]} 20. Nc3 {[%emt 0:00:53]} Qb6 {[%emt 0:03:29]} 21. Qe2 {[%emt 0:02:31]} Ra3 {[%emt 0:01:21]} 22. Rb1 {[%emt 0:01:21]} g6 {[%emt 0:04:29]} 23. Ne1 {[%emt 0:00:31]} Nh5 {[%emt 0:00:37]} 24. Nc2 {[%emt 0:01:08]} Nf4 {[%emt 0:00:02]} 25. Qf1 {[%emt 0:00:45]} Ra8 {[%emt 0:00:16]} 26. Bxb5 {[%emt 0:01:11]} Bxb5 {[%emt 0:00:12]} 27. Qxb5 {[%emt 0:00:04]} Qxb5 {[%emt 0:00:03]} 28. Nxb5 {[%emt 0:00:00]} Ra2 {[%emt 0:00:03]} 29. Bxf4 {[%emt 0:01:39]} exf4 {[%emt 0:00:51]} 30. Nba3 {[%emt 0:00:27]} Bf6 {[%emt 0:00:34]} 31. Rb3 {[%emt 0:00:02]} g5 {[%emt 0:00:09]} 32. Kf1 {[%emt 0:00:07]} Bb2 {[%emt 0:00:21]} 33. Nb5 {[%emt 0:00:53]} Kg7 {[%emt 0:00:49]} 34. Ke2 {[%emt 0:00:21]} Kf6 {[%emt 0:00:16]} 35. Kd3 {[%emt 0:00:11]} h5 {[%emt 0:00:07]} 36. f3 {[%emt 0:00:21]} Ke5 {[%emt 0:00:17]} 37. Nba3 {[%emt 0:01:19]} Kf6 {[%emt 0:00:10]} 38. Nc4 {[%emt 0:00:11]} Be5 {[%emt 0:00:09]} 39. Ra3 {[%emt 0:00:15]} Rxa3+ {[%emt 0:00:08]} 40. N2xa3 {[%emt 0:00:00]} g4 {[%emt 0:00:04]} 41. hxg4 {[%emt 0:00:03]} hxg4 {[%emt 0:00:01]} 42. Na5 {[%emt 0:00:15]} Bb2 {[%emt 0:00:14]} 43. N3c4 {[%emt 0:00:07]} gxf3 {[%emt 0:00:01]} 44. gxf3 {[%emt 0:00:02]} Nxa5 {[%emt 0:00:02]} 45. bxa5 {[%emt 0:00:00]} Bc1 {[%emt 0:00:04]} 46. a6 {[%emt 0:00:02]} 1-0

[Event "European Online Club-ch-C 2021"]
[Site "Online"]
[Date "2021.03.27"]
[Round "7.13"]
[White "Migot, Tangi"]
[Black "Fedoseev, Vladimir"]
[Result "0-1"]
[WhiteElo "2353"]
[BlackElo "2687"]
[Annotator "ChessBase"]
[PlyCount "120"]
[EventDate "2021.03.27"]
[EventType "team-tourn"]
[EventCountry "NET"]
[SourceTitle "playchess.com"]
[Source "ChessBase"]
[SourceQuality "1"]
[TimeControl "900+5"]

1. e4 {[%emt 0:00:00]} c5 {[%emt 0:00:04]} 2. Nf3 {[%emt 0:00:22]} d6 {[%emt 0:00:03]} 3. d4 {[%emt 0:00:04]} cxd4 {[%emt 0:00:01]} 4. Nxd4 {[%emt 0:00:00]} Nf6 {[%emt 0:00:01]} 5. Nc3 {[%emt 0:00:01]} a6 {[%emt 0:00:01]} 6. Be2 {[%emt 0:00:02]} e6 {[%emt 0:00:05]} 7. O-O {[%emt 0:00:03]} b5 {[%emt 0:00:04]} 8. Bf3 {[%emt 0:00:06]} Ra7 {[%emt 0:00:01]} 9. Be3 {[%emt 0:00:12]} Rc7 {[%emt 0:00:06]} 10. a4 {[%emt 0:00:25]} b4 {[%emt 0:00:03]} 11. Na2 {[%emt 0:00:03]} Bb7 {[%emt 0:00:01]} 12. Nb3 {[%emt 0:00:37]} Nbd7 {[%emt 0:00:08]} 13. Nxb4 {[%emt 0:00:22]} Qa8 {[%emt 0:00:26]} 14. Na5 {[%emt 0:01:13]} Bxe4 {[%emt 0:00:03]} 15. Bxe4 {[%emt 0:00:04]} Nxe4 {[%emt 0:00:02]} 16. Qe2 {[%emt 0:00:24]} Nec5 {[%emt 0:00:24]} 17. Rfd1 {[%emt 0:01:11]} Be7 {[%emt 0:01:35]} 18. Bf4 {[%emt 0:00:47]} Qe4 {[%emt 0:00:22]} 19. Qxe4 {[%emt 0:02:09]} Nxe4 {[%emt 0:00:04]} 20. c3 {[%emt 0:00:37]} g5 {[%emt 0:01:13]} 21. Be3 {[%emt 0:00:11]} Nb8 {[%emt 0:00:01]} 22. f3 {[%emt 0:01:45]} Nc5 {[%emt 0:00:03]} 23. Nd3 {[%emt 0:00:09]} Nxd3 {[%emt 0:00:52]} 24. Rxd3 {[%emt 0:00:00]} Nd7 {[%emt 0:00:05]} 25. Rc1 {[%emt 0:00:36]} d5 {[%emt 0:00:12]} 26. b4 {[%emt 0:01:07]} O-O {[%emt 0:00:21]} 27. b5 {[%emt 0:00:45]} axb5 {[%emt 0:00:18]} 28. axb5 {[%emt 0:00:00]} Bc5 {[%emt 0:00:02]} 29. Nc6 {[%emt 0:00:20]} Rb7 {[%emt 0:00:07]} 30. Rb1 {[%emt 0:00:04]} Ra8 {[%emt 0:00:28]} 31. Bxc5 {[%emt 0:00:38]} Nxc5 {[%emt 0:00:04]} 32. Rd4 {[%emt 0:00:02]} Ra2 {[%emt 0:00:24]} 33. h4 {[%emt 0:00:02]} gxh4 {[%emt 0:00:30]} 34. Rxh4 {[%emt 0:00:03]} f5 {[%emt 0:00:05]} 35. c4 {[%emt 0:00:56]} Rg7 {[%emt 0:01:10]} 36. cxd5 {[%emt 0:00:19]} Raxg2+ {[%emt 0:00:03]} 37. Kh1 {[%emt 0:00:02]} Nd3 {[%emt 0:00:01]} 38. Rg4 {[%emt 0:00:33]} fxg4 {[%emt 0:00:22]} 39. Kxg2 {[%emt 0:00:01]} g3 {[%emt 0:00:25]} 40. Ra1 {[%emt 0:01:04]} Nf4+ {[%emt 0:00:06]} 41. Kg1 {[%emt 0:00:03]} h5 {[%emt 0:00:50]} 42. Ra8+ {[%emt 0:00:27]} Kh7 {[%emt 0:00:04]} 43. Ra7 {[%emt 0:00:00]} Rxa7 {[%emt 0:00:02]} 44. Nxa7 {[%emt 0:00:00]} Nxd5 {[%emt 0:00:01]} 45. Nc6 {[%emt 0:00:12]} h4 {[%emt 0:00:05]} 46. Nd4 {[%emt 0:00:03]} Kg6 {[%emt 0:00:25]} 47. Kg2 {[%emt 0:00:28]} e5 {[%emt 0:00:17]} 48. Ne2 {[%emt 0:00:16]} Kh5 {[%emt 0:00:11]} 49. Kh3 {[%emt 0:00:09]} Kg5 {[%emt 0:00:02]} 50. Kg2 {[%emt 0:00:03]} Ne3+ {[%emt 0:00:28]} 51. Kh3 {[%emt 0:00:03]} Nc4 {[%emt 0:00:02]} 52. Kg2 {[%emt 0:00:08]} e4 {[%emt 0:00:06]} 53. fxe4 {[%emt 0:00:02]} Kg4 {[%emt 0:00:02]} 54. Nxg3 {[%emt 0:00:11]} hxg3 {[%emt 0:00:02]} 55. e5 {[%emt 0:00:01]} Nxe5 {[%emt 0:00:02]} 56. b6 {[%emt 0:00:02]} Nd7 {[%emt 0:00:01]} 57. b7 {[%emt 0:00:01]} Nb8 {[%emt 0:00:02]} 58. Kg1 {[%emt 0:00:02]} Kf3 {[%emt 0:00:01]} 59. Kf1 {[%emt 0:00:02]} g2+ {[%emt 0:00:01]} 60. Kg1 {[%emt 0:00:01]} Nd7 {[%emt 0:00:01]} 0-1

[Event "European Online Club-ch-C 2021"]
[Site "Online"]
[Date "2021.03.27"]
[Round "7.14"]
[White "Vitiugov, Nikita"]
[Black "Le Goff, Ronan"]
[Result "1-0"]
[WhiteElo "2715"]
[BlackElo "2288"]
[Annotator "TA"]
[PlyCount "95"]
[EventDate "2021.03.27"]
[EventType "team-tourn"]
[EventCountry "NET"]
[SourceTitle "playchess.com"]
[Source "ChessBase"]
[SourceQuality "1"]

{[%evp 15,95,19,12,11,20,15,15,13,16,14,17,23,29,24,24,27,21,18,21,29,54,45,47,46,56,43,34,23,50,41,34,20,51,0,0,0,0,0,5,8,13,2,78,85,92,94,95,82,94,91,93,89,86,86,252,249,247,241,241,240,249,241,241,241,241,241,252,256,241,238,527,525,1135,476,406,0,720,609,1315,1327,924,880]} 1. c4 e6 2. Nc3 d5 3. d4 Nf6 4. cxd5 exd5 5. Bg5 c6 6. e3 Be7 7. Bd3 Nbd7 8. Nge2 h6 9. Bh4 {D35: Queen's Gambit Declined: Exchange Variation.} Nh5 10. Bxe7 Qxe7 11. O-O {The position is equal. 11.Qd2 is more fashionable.} O-O 12. Qd2 Re8 13. Rae1 Nb6 14. Nc1 Nf6 15. f3 c5 16. Qf2 {[#]} cxd4 $146 ({Predecessor:} 16... Bd7 17. dxc5 Qxc5 18. Nb3 Qb4 19. Rc1 Rac8 20. Rfd1 a5 21. e4 a4 22. Qd4 Qxd4+ 23. Nxd4 dxe4 24. Nxe4 Nxe4 25. Bxe4 Rxc1 26. Rxc1 {½-½ (79) Oms Pallisse,J (2440)-Khurtsidze,N (2375) Groningen 1998}) 17. exd4 Be6 18. Nb3 Qb4 19. Nc5 {[#] Black must now prevent a3.} Nc4 20. Bxc4 dxc4 21. Re5 Qb6 22. Rfe1 Rad8 23. h3 Qc6 24. N5e4 (24. f4 $14) 24... Nd5 $11 25. Nxd5 Bxd5 26. Nd6 Rxe5 27. dxe5 f6 28. Nf5 {aiming for Ne7+.} Qd7 {[#]} (28... Qe6 $11 {keeps the balance.} 29. Nd4 Qb6) 29. Ne3 $1 $36 {[%mdl 2048] And now Rd1 would win. Black is under strong pressure.} Bf7 30. exf6 gxf6 31. Ng4 Qd2 32. Nxf6+ Kg7 33. Ne4 Qxf2+ 34. Kxf2 {[%mdl 4096] Endgame KRB-KRN} c3 $2 (34... b5 $16 {was called for.}) 35. Nxc3 $18 ({Don't do} 35. bxc3 $6 b6 $18) 35... b5 36. Nxb5 Rd2+ 37. Kg3 ({Stronger than} 37. Re2 Rxe2+ 38. Kxe2 Bc4+ 39. Kf2 Bxb5 $11) 37... Rxb2 38. Nxa7 Rxa2 39. Nb5 Kf6 40. Nc3 Rc2 41. Ne4+ Kg6 42. Rd1 Ba2 $2 (42... Ra2 {might work better.} 43. Rd6+ Kg7) 43. Rd6+ Kg7 44. Rd7+ (44. Rd2 $142 Bb1 45. Rxc2 Bxc2 46. Kf4) 44... Kg6 45. Rd6+ (45. h4 $142) 45... Kg7 $1 46. Rd2 {White is clearly winning.} Bb1 47. Rxc2 Bxc2 48. Kf4 {Weighted Error Value: White=0.25/Black=0.22} 1-0

[Event "European Online Club-ch-C 2021"]
[Site "Online"]
[Date "2021.03.27"]
[Round "7.15"]
[White "Bouget, Alexandre"]
[Black "Shimanov, Aleksandr"]
[Result "1-0"]
[WhiteElo "2247"]
[BlackElo "2597"]
[Annotator "ChessBase"]
[PlyCount "83"]
[EventDate "2021.03.27"]
[EventType "team-tourn"]
[EventCountry "NET"]
[SourceTitle "playchess.com"]
[Source "ChessBase"]
[SourceQuality "1"]
[TimeControl "900+5"]

1. d4 {[%emt 0:00:00]} Nf6 {[%emt 0:00:15]} 2. c4 {[%emt 0:00:03]} g6 {[%emt 0:00:06]} 3. Nc3 {[%emt 0:00:03]} Bg7 {[%emt 0:00:07]} 4. e4 {[%emt 0:00:02]} O-O {[%emt 0:00:03]} 5. Be2 {[%emt 0:00:01]} d6 {[%emt 0:00:03]} 6. Nf3 {[%emt 0:00:04]} e5 {[%emt 0:00:19]} 7. O-O {[%emt 0:00:06]} Bg4 {[%emt 0:00:10]} 8. d5 {[%emt 0:00:14]} a5 {[%emt 0:00:13]} 9. Be3 {[%emt 0:00:14]} Na6 {[%emt 0:00:07]} 10. Nd2 {[%emt 0:00:47]} Bd7 {[%emt 0:00:03]} 11. b3 {[%emt 0:02:09]} Ne8 {[%emt 0:01:30]} 12. a3 {[%emt 0:00:08]} f5 {[%emt 0:00:03]} 13. f3 {[%emt 0:00:02]} f4 {[%emt 0:00:18]} 14. Bf2 {[%emt 0:00:03]} Bf6 {[%emt 0:00:11]} 15. Kh1 {[%emt 0:00:08]} Bh4 {[%emt 0:00:08]} 16. Qe1 {[%emt 0:00:27]} Bxf2 {[%emt 0:00:11]} 17. Qxf2 {[%emt 0:00:00]} Nf6 {[%emt 0:00:21]} 18. Rab1 {[%emt 0:01:01]} c5 {[%emt 0:02:28]} 19. dxc6 {[%emt 0:00:47]} bxc6 {[%emt 0:00:02]} 20. b4 {[%emt 0:00:09]} axb4 {[%emt 0:00:22]} 21. axb4 {[%emt 0:00:00]} c5 {[%emt 0:00:07]} 22. b5 {[%emt 0:00:14]} Nc7 {[%emt 0:00:11]} 23. Nb3 {[%emt 0:01:59]} Ne6 {[%emt 0:00:20]} 24. Bd3 {[%emt 0:00:32]} g5 {[%emt 0:03:28]} 25. Ra1 {[%emt 0:00:37]} Rxa1 {[%emt 0:00:27]} 26. Rxa1 {[%emt 0:00:04]} g4 {[%emt 0:00:01]} 27. Qh4 {[%emt 0:00:40]} gxf3 {[%emt 0:00:55]} 28. gxf3 {[%emt 0:00:21]} Kh8 {[%emt 0:00:11]} 29. Nd5 {[%emt 0:02:06]} Nxd5 {[%emt 0:03:33]} 30. Qxd8 {[%emt 0:00:04]} Rxd8 {[%emt 0:00:00]} 31. exd5 {[%emt 0:00:10]} Ng5 {[%emt 0:00:03]} 32. Nd2 {[%emt 0:00:18]} Nh3 {[%emt 0:00:11]} 33. Ne4 {[%emt 0:00:37]} Bf5 {[%emt 0:00:07]} 34. Nxd6 {[%emt 0:00:21]} Rxd6 {[%emt 0:01:07]} 35. Bxf5 {[%emt 0:00:04]} Ng5 {[%emt 0:00:02]} 36. Ra6 {[%emt 0:00:15]} Rd8 {[%emt 0:00:04]} 37. Rc6 {[%emt 0:02:17]} Nxf3 {[%emt 0:00:08]} 38. b6 {[%emt 0:00:12]} e4 {[%emt 0:00:08]} 39. b7 {[%emt 0:00:20]} e3 {[%emt 0:00:05]} 40. Rc8 {[%emt 0:00:09]} e2 {[%emt 0:00:04]} 41. Rxd8+ {[%emt 0:00:02]} Kg7 {[%emt 0:00:01]} 42. Re8 {[%emt 0:00:01]} 1-0

[Event "European Online Club-ch-C 2021"]
[Site "Online"]
[Date "2021.03.27"]
[Round "7.16"]
[White "Ponkratov, Pavel"]
[Black "Lahoche, Dorian"]
[Result "1-0"]
[WhiteElo "2619"]
[BlackElo "2124"]
[Annotator "ChessBase"]
[PlyCount "69"]
[EventDate "2021.03.27"]
[EventType "team-tourn"]
[EventCountry "NET"]
[SourceTitle "playchess.com"]
[Source "ChessBase"]
[SourceQuality "1"]
[TimeControl "900+5"]

1. d4 {[%emt 0:00:00]} Nf6 {[%emt 0:00:03]} 2. c4 {[%emt 0:00:02]} g6 {[%emt 0:00:01]} 3. Nc3 {[%emt 0:00:02]} Bg7 {[%emt 0:00:03]} 4. e4 {[%emt 0:00:02]} d6 {[%emt 0:00:02]} 5. Be2 {[%emt 0:00:07]} O-O {[%emt 0:00:02]} 6. Be3 {[%emt 0:00:02]} e5 {[%emt 0:00:10]} 7. d5 {[%emt 0:00:01]} a5 {[%emt 0:00:01]} 8. h4 {[%emt 0:00:02]} h5 {[%emt 0:00:14]} 9. f3 {[%emt 0:00:09]} Na6 {[%emt 0:00:10]} 10. Nh3 {[%emt 0:00:05]} Nc5 {[%emt 0:00:27]} 11. Ng5 {[%emt 0:00:02]} Qe7 {[%emt 0:00:30]} 12. Qd2 {[%emt 0:00:03]} a4 {[%emt 0:00:36]} 13. O-O-O {[%emt 0:00:20]} Rd8 {[%emt 0:00:13]} 14. Kb1 {[%emt 0:00:04]} Bd7 {[%emt 0:00:20]} 15. Rdg1 {[%emt 0:00:06]} c6 {[%emt 0:00:20]} 16. g4 {[%emt 0:00:13]} Kh8 {[%emt 0:01:11]} 17. dxc6 {[%emt 0:00:41]} Bxc6 {[%emt 0:00:22]} 18. Rd1 {[%emt 0:00:53]} Kg8 {[%emt 0:00:21]} 19. gxh5 {[%emt 0:00:23]} Nxh5 {[%emt 0:00:05]} 20. Rhg1 {[%emt 0:00:01]} Ne6 {[%emt 0:00:50]} 21. Nxe6 {[%emt 0:00:39]} Qxe6 {[%emt 0:00:00]} 22. Bb6 {[%emt 0:00:57]} Rd7 {[%emt 0:00:24]} 23. Nd5 {[%emt 0:00:28]} Bxd5 {[%emt 0:00:38]} 24. cxd5 {[%emt 0:00:03]} Qf6 {[%emt 0:00:44]} 25. Qg5 {[%emt 0:00:17]} Nf4 {[%emt 0:00:43]} 26. Bb5 {[%emt 0:00:03]} Re7 {[%emt 0:00:07]} 27. Rc1 {[%emt 0:00:06]} Qxg5 {[%emt 0:00:39]} 28. hxg5 {[%emt 0:00:10]} f6 {[%emt 0:00:33]} 29. gxf6 {[%emt 0:00:10]} Bxf6 {[%emt 0:00:00]} 30. Bc7 {[%emt 0:00:02]} Rh7 {[%emt 0:00:54]} 31. Bxd6 {[%emt 0:00:04]} Rh2 {[%emt 0:00:15]} 32. Bb4 {[%emt 0:00:20]} Kf7 {[%emt 0:00:57]} 33. Rc7+ {[%emt 0:00:05]} Kg8 {[%emt 0:00:10]} 34. d6 {[%emt 0:00:02]} Ne6 {[%emt 0:00:46]} 35. Bc4 {[%emt 0:00:02]} 1-0